000 00303 a2200157 4500
001 170941
020 _a
040 _cMagnum
100 _aBarbosa, Jacqueline Peixoto
240 1 0 _aNoticia
_lpor
245 1 0 _aNoticia
362 0 _a1899
440 1 _aFTD
697 _aPARADIDATICO
942 _cBK
999 _c170941
_d170941